000 00708nam a2200217Ia 4500
003 GCL
008 140319s9999 xx 000 0 ara d
040 _aGCL /
_cGCL
082 0 4 _aق
_b962
_bع ت
100 1 _aعبدالرحمن الرافعى
245 1 0 _aبرجاء الغاء الوعاء /
_cعبدالرحمن الرافعى
260 _a[S.N] :
_bدار المعارف ،
_c1987
300 _a391 ص
490 _aتاريخ مصر القومى
_v0
650 0 4 _aمصر
650 0 4 _aتاريخ
650 0 4 _aالمقاومة الشعبية
650 0 4 _aالاحوال الثقافية
650 0 4 _aالعالم العربى - تاريخ - العصر العثمانى
942 _2ddc
_cBK
999 _c52944
_d52944